000 00889nam0a22002531 4500
001 rc\402087
005 20250621072926.0
035 _a(NLR Aleph) 005650764
090 _a6768938
_c6768938
100 _a20030616d1989 |||y0rusy50 ca
101 0 _arus
102 _aRU
105 _ay |||||||||
200 1 _aАда-Эльбрус. Реализация исключений
210 _a[Новосибирск]
_cНФ ИТМИВТ
_d1989
215 _a20 с.
_d20
225 1 _aПрепринт
_fИн-т точ. механики и вычисл. техники им. С.А. Лебедева АН СССР, Новосиб. фил.
_v17
320 _aБиблиогр.: с. 19-20 (12 назв.)
700 1 _aЗапреев
_bС.С.
_gСергей Степанович
801 0 _aRU
_bNLR
_gpsbo
801 1 _aRU
_bELAR
_2rusmarc
852 _aNLR
_j89-4/24116
942 _cBOOK
980 _aNB